Tvořivé myšlenky : žijte odvážně! /
Další dávka rad, jak být tvůrcem svého života a vypořádat se se všemi životními událostmi.
Uloženo v:
| Hlavní autor: | |
|---|---|
| Médium: | E-kniha |
| Jazyk: | Czech |
| Vydáno: |
Pardubice :
Trans World Tour,
2011
|
| Témata: | |
| Tagy: |
Žádné tagy |
| LEADER | 02533cam a2200541 a 4500 | ||
|---|---|---|---|
| 001 | 311734 | ||
| 003 | CZ PrSKC | ||
| 005 | 20260601215711.0 | ||
| 007 | ta | ||
| 008 | 111020s2011 xr a e f 000 0 cze d | ||
| 015 | |a cnb002257570 | ||
| 020 | |a 9788090498808 |q (váz.) | ||
| 035 | |a (OCoLC)862711375 | ||
| 040 | |a KLG001 |b cze |d BOA001 |d ABA001 | ||
| 072 | 7 | |a 159.95 |x Vyšší duševní procesy |2 Konspekt | |
| 080 | |a 159.923.5 |2 MRF | ||
| 080 | |a 159.954/.955 |2 MRF | ||
| 080 | |a 118:130.33 |2 MRF | ||
| 080 | |a 17.023.34 |2 MRF | ||
| 080 | |a (035) |2 MRF | ||
| 080 | |a (0:82-4) |2 MRF | ||
| 100 | 1 | |a Spilko, Karel, |d 1964- |7 mzk2009544185 |4 aut | |
| 245 | 1 | 0 | |a Tvořivé myšlenky : |b žijte odvážně! / |c [Karel Spilko ; ilustrace Renata Jindrová] |
| 246 | 3 | 0 | |a Žijte odvážně! |
| 246 | 1 | 4 | |a Tvořivé myšlenky - žijte odvážně! |
| 260 | |a Pardubice : |b Trans World Tour, |c 2011 | ||
| 300 | |a 163 s. : |b il. ; |c 17 cm | ||
| 520 | 2 | |a Další dávka rad, jak být tvůrcem svého života a vypořádat se se všemi životními událostmi. | |
| 520 | 2 | |a Text navazuje na knihu Tvořivé myšlenky - řiďte svůj život tak, jak sami chcete, tentokrát nabádá k větší odvaze k životu, lehkosti bytí, životu plného úsměvu. Autor chce ukázat, že být odvážný znamená žít svou pravdu bez ohledu na to, co se děje v okolí. Není to cesta ignorance, ale pohyb k sobě, na jejímž konci je člověk sám sebou. | |
| 650 | 0 | 7 | |a pozitivní myšlení |7 ph124475 |2 czenas |
| 650 | 0 | 7 | |a tvůrčí myšlení |7 ph116508 |2 czenas |
| 650 | 0 | 7 | |a sebeřízení |7 ph303239 |2 czenas |
| 650 | 0 | 7 | |a kosmická energie |7 ph182936 |2 czenas |
| 650 | 0 | 7 | |a štěstí |7 ph127882 |2 czenas |
| 650 | 0 | 9 | |a positive thinking |2 eczenas |
| 650 | 0 | 9 | |a creative thinking |2 eczenas |
| 650 | 0 | 9 | |a self-management |2 eczenas |
| 650 | 0 | 9 | |a cosmic energy |2 eczenas |
| 650 | 0 | 9 | |a happiness |2 eczenas |
| 655 | 7 | |a příručky |7 fd133209 |2 czenas | |
| 655 | 7 | |a úvahy |7 fd134000 |2 czenas | |
| 655 | 9 | |a handbooks and manuals |2 eczenas | |
| 655 | 9 | |a essays |2 eczenas | |
| 900 | |a ABA001 |b 17 | ||
| 044 | |a xr | ||
| 910 | |a RBIT002 | ||
| 998 | |d 362910 |a https://core.palmknihy.cz/api/books/362910/cover?si6pe7 |b https://core.palmknihy.cz/api/books/362910/cover/400?si6pe7 |c https://core.palmknihy.cz/api/books/362910/cover/50?si6pe7 |e 2030-12-31 |g 168 |i 9788090498808 |j https://core.palmknihy.cz/api/books/362910/preview.epub |k https://core.palmknihy.cz/api/books/362910/preview.pdf |l |q 49 |r 1 |s https://www.palmknihy.cz/kniha/362910 |t ebook |y 2011 |z 0 | ||
| 999 | |d 311732 | ||